| 000 | 00538nam a22002057a 4500 | ||
|---|---|---|---|
| 001 | 157699 | ||
| 003 | OSt | ||
| 005 | 20240508111059.0 | ||
| 008 | 240508b |||||||| |||| 00| 0 POR d | ||
| 020 | _a9788525046604 | ||
| 040 | _cColégio Cândido Portinari | ||
| 082 | _a741.1 | ||
| 100 |
_aZiraldo _eAuthor _9177 |
||
| 245 |
_aO som da turma _bZiraldo |
||
| 260 |
_aSão Paulo: _bGlobo, _c2009. |
||
| 300 | _a64 p. | ||
| 490 | _a(Coleção Almanaque Maluquinho). | ||
| 650 | 0 |
_aLiteratura infantojuvenil _91113 |
|
| 942 |
_2udc _cBK _n0 |
||
| 999 |
_c157699 _d157699 |
||